000 01139nam a2200313 c 4500
999 _c161132
_d161132
003 BLK
005 20220228093149.0
008 180410b bul|||||r ||||||| ||bul||
010 _aKNG00168438000
020 _a954-8312-02-8
020 _a954-8312-02-6
040 _aBLK
041 _aBUL
_cBUL
072 7 _2bullib
_aК
_xКраезнание
080 _aБългарска литература
_b821.163.2
_x-1
_z821.163.2-1
100 1 _aСимеонов, Светлин
_eпърви автор
_9335084
139 _aСимеонов, Светлин
_bС 37
245 1 0 _aБезимен
_bСтихове
_cСветлин Симеонов.
257 _aBGR
260 _bРуси Ст. Русев
_c1993
300 _a104 с.
_c17 см
380 _aX
659 _aК
852 _aЦб І 26672
852 _aК 821.163.2/С 37 С
856 4 _qpdf
856 4 _qpdf
942 _cKNG
_n0
_s1
944 _aCR
_c05.12.2014
_l05.12.2014 - от С1,Р / 05.12.2014
_kНора_Радева
944 _aED
_c05.12.2014
_l05.12.2014 - от С1,Р / 05.12.2014
999 _d161132